Central Library OPAC University of Rajshahi

Allan Octavian Hume, C.B. : (Record no. 12689)

MARC details
000 -LEADER
fixed length control field 00985nam a2200277 a 4500
001 - CONTROL NUMBER
control field 12689
003 - CONTROL NUMBER IDENTIFIER
rucl marc code BD-RjUL
005 - DATE AND TIME OF LATEST TRANSACTION
control field 20211208235336.0
008 - FIXED-LENGTH DATA ELEMENTS--GENERAL INFORMATION
fixed length control field 190306s1913 enkc 000 0beng
035 ## - SYSTEM CONTROL NUMBER
System control number (BD-RjUL)12739
040 ## - CATALOGING SOURCE
Original cataloging agency ANL
Language of cataloging eng
Transcribing agency BD-RjUL
Modifying agency BD-RjUL
041 ## - LANGUAGE CODE
Language code of text/sound track or separate title eng
043 ## - GEOGRAPHIC AREA CODE
Geographic area code a-ii---
082 ## - DEWEY DECIMAL CLASSIFICATION NUMBER
Edition number 23
Classification number 324.254083092
Author mark and year WEA 1913
100 1# - MAIN ENTRY--PERSONAL NAME
Personal name Wedderburn, William,
Dates associated with a name 1838-1918.
9 (RLIN) 229020
245 10 - TITLE STATEMENT
Title Allan Octavian Hume, C.B. :
Remainder of title "father of the Indian National Congress", 1829 to 1912 /
Statement of responsibility, etc. by William Wedderburn.
260 ## - PUBLICATION, DISTRIBUTION, ETC. (IMPRINT)
Place of publication, distribution, etc. London ;
-- Leipsic [i.e. Leipzig] :
Name of publisher, distributor, etc. T. Fisher Unwin,
Date of publication, distribution, etc. 1913.
300 ## - PHYSICAL DESCRIPTION
Pagination vi, 182 p. :
Illustrations Ill. ;
Size 21 cm.
600 10 - SUBJECT ADDED ENTRY--PERSONAL NAME
Personal name Hume, Allan Octavian,
Dates associated with a name 1829-1912.
610 20 - SUBJECT ADDED ENTRY--CORPORATE NAME
Corporate name or jurisdiction name as entry element Indian National Congress.
650 #0 - SUBJECT ADDED ENTRY--TOPICAL TERM
Topical term or geographic name as entry element Politicians
General subdivision India
Form subdivision Biography.
9 (RLIN) 229023
Topical term or geographic name as entry element Public administration
Geographic subdivision India.
9 (RLIN) 229024
Topical term or geographic name as entry element Theosophy.
9 (RLIN) 229025
651 #0 - SUBJECT ADDED ENTRY--GEOGRAPHIC NAME
Geographic name India
General subdivision Politics and government
Chronological subdivision 1857-1919.
9 (RLIN) 229026
942 ## - ADDED ENTRY ELEMENTS (KOHA)
Source of classification or shelving scheme Dewey Decimal Classification
Koha item type Rare Books
Holdings
Lost status Source of classification or shelving scheme Damaged status Not for loan Collection code Permanent Location Current Location Shelving location Date acquired Source of acquisition Cost, normal purchase price Total Checkouts Full call number Date last seen Copy number Koha item type
  Dewey Decimal Classification   Not For Loan Rare Books Central Library, University of Rajshahi Central Library, University of Rajshahi Rare Book Section 21/10/1963 Pak Law House 30.00   RA 324.254083092 WEA 1913 06/03/2019 C-1 Rare Books